| 000 | 00762cam a2200265 4500 | ||
|---|---|---|---|
| 001 | sa 68014311 | ||
| 003 | DLC | ||
| 005 | 20260227112630.0 | ||
| 008 | 700204s1967 pk b 00010 eng | ||
| 010 | _asa 68014311 | ||
| 025 | _aPL480:EP-E-392 | ||
| 050 | 0 |
_aHC253 _b.A58 |
|
| 082 | _a330.942 | ||
| 100 | 1 | 0 | _aAli, A. |
| 245 | 1 | 0 |
_aEconomic development of Great Britain, _cby A. Ali, A. Zaman [and] A. Baset. |
| 250 | _a[1st ed.] | ||
| 260 | 0 |
_aDacca, _bIdeal Library _c[1967] |
|
| 300 |
_aviii, 151 p. _c22 cm. |
||
| 350 | _a5.50 | ||
| 490 | 0 | _aEconomic development series no. 2 | |
| 504 | _aBibliography: p. [148] | ||
| 651 | 0 |
_aGreat Britain _xEconomic conditions. |
|
| 700 | 1 | 0 |
_aBaset, A., _ejoint author. |
| 700 | 1 | 0 |
_aZaman, A., _ejoint author. |
| 999 |
_c85685 _d85685 |
||